Catálogo
 En Linea

Reflexionando la enseñanza y el aprendizaje de las matemáticas / (Registro nro. 48304)

Detalles MARC
000 -CABECERA
campo de control de longitud fija 00824nam a2200205 a 4500
001 - NÚMERO DE CONTROL
campo de control 000048816
005 - FECHA Y HORA DE LA ÚLTIMA TRANSACCIÓN
campo de control 20250116162810.0
008 - DATOS DE LONGITUD FIJA--INFORMACIÓN GENERAL
campo de control de longitud fija 190412s2013 dr ad 000 0 spa d
020 ## - NÚMERO INTERNACIONAL ESTÁNDAR DEL LIBRO
Número Internacional Estándar del Libro 9789945009293
040 ## - FUENTE DE LA CATALOGACIÓN
Centro catalogador/agencia de origen DO-SdBNP
Lengua de catalogación spa
Centro/agencia transcriptor BNPHU
082 ## - NÚMERO DE LA CLASIFICACIÓN DECIMAL DEWEY
Número de clasificación xxxx
Número de documento/Ítem A162r
100 1# - ENTRADA PRINCIPAL--NOMBRE DE PERSONA
Nombre de persona Abreu, Altagracia Miguelina
9 (RLIN) 76269
245 10 - MENCIÓN DE TÍTULO
Título Reflexionando la enseñanza y el aprendizaje de las matemáticas /
Mención de responsabilidad, etc. Altagracia Miguelina Abreu, José E. Montes de Oca.
246 10 - FORMA VARIANTE DE TÍTULO
Título propio/Titulo breve Reflexionando la enseñanza y el aprendizaje de las matemáticas.
Resto del título Experiencias en el Distrito Educativo 03-04
260 ## - PUBLICACIÓN, DISTRIBUCIÓN, ETC.
Lugar de publicación, distribución, etc. Santo Domingo :
Nombre del editor, distribuidor, etc. MINERD,
Fecha de publicación, distribución, etc. 2013.
300 ## - DESCRIPCIÓN FÍSICA
Extensión 102 p. :
Otras características físicas il., gráf. ;
Dimensiones 23 cm.
504 ## - NOTA DE BIBLIOGRAFÍA, ETC.
Nota de bibliografía, etc. Bibliografía: p. 101-102
700 1# - PUNTO DE ACCESO ADICIONAL--NOMBRE DE PERSONA
Nombre de persona Montes de Oca, José E.
9 (RLIN) 76270
710 1# - PUNTO DE ACCESO ADICIONAL--NOMBRE DE ENTIDAD CORPORATIVA
Nombre de entidad corporativa o nombre de jurisdicción como elemento de entrada República Dominicana
Unidad subordinada Ministerio de Educación
9 (RLIN) 72019
Existencias
Estado de retiro Estado de pérdida Restricciones de uso No para préstamo Código de colección Localización permanente Ubicación/localización actual Ubicación en estantería Fecha de adquisición Número de inventario Total de préstamos Signatura topográfica completa Código de barras Fecha visto por última vez Número de copia Precio válido a partir de Tipo de ítem Koha
        Dominicana de Servicio General General Depósito 12.04.2019 LF1   xxxx A162r 48816-30 25.06.2020 e. 3 25.06.2020 Libro y Folleto Colección Dominicana de Servicio
      Excluido de préstamo Patrimonio Dominicano Patrimonio Dominicano Patrimonio Dominicano Depósito 12.04.2019 LF1   xxxx A162r 48816-10 25.06.2020   25.06.2020 Libro y Folleto Colección Patrimonio Dominicano
      Excluido de préstamo Patrimonio Dominicano Patrimonio Dominicano Patrimonio Dominicano Depósito 12.04.2019 LF1   xxxx A162r 48816-20 25.06.2020 e. 2 25.06.2020 Libro y Folleto Colección Patrimonio Dominicano

Con tecnología Koha